| 000 | 01317nam a2200385 i 4500 | ||
|---|---|---|---|
| 001 | 32183 | ||
| 003 | KOSZ 005 | ||
| 005 | 20220624123912.0 | ||
| 008 | 980713s1997 pl a f |000 0 pol | ||
| 015 | _aPB 11780/97 | ||
| 020 | _a8301123648 | ||
| 040 |
_aWA N _cWA N _dKOSZ 005/HR |
||
| 046 | _k1997 | ||
| 080 | _a338.1(438)(091) | ||
| 080 | _a(075.8) | ||
| 100 | 1 |
_aSkodlarski, Janusz _d(1947- ) _eAutor |
|
| 245 | 1 | 0 |
_aZarys historii gospodarczej Polski do 1945 roku / _cJanusz Skodlarski. |
| 250 | _a[Wyd. 2 poszerz. i popr.]. | ||
| 260 |
_aWarszawa ; _aŁódź : _bWydawnictwo Naukowe PWN, _c1997. |
||
| 300 |
_a353, [3] s. : _bfaks., mapy, portr., rys., wykr. ; _c21 cm. |
||
| 380 | _aKsiążki | ||
| 388 | _a1901-2000 | ||
| 388 | _a1989-2000 | ||
| 500 | _aWyd. 1 pt. : Zarys historii gospodarczej Polski do 1939 roku. | ||
| 504 | _aBibliogr. przy rozdz. | ||
| 521 | _aDla studentów uczelni i wydz. ekonomicznych. | ||
| 650 | 7 | _aHistoria gospodarcza | |
| 651 | 4 | _aPolska | |
| 655 | 4 | _aPodręczniki akademickie | |
| 658 | _aGospodarka, ekonomia, finanse | ||
| 658 | _aHistoria | ||
| 710 | 2 |
_aWydawnictwo Naukowe PWN _4pbl. |
|
| 856 |
_uhttp://koha.tu.koszalin.pl/cgi-bin/koha/opac-detail.pl?biblionumber=32183 _yKatalog online BPK |
||
| 942 |
_2udc _cKS |
||
| 999 |
_c32183 _d32183 |
||